| 000 | 00000nam 2200000za 4500 |
| 001 | 9.822123 |
| 003 | CaOODSP |
| 005 | 20221107143622 |
| 007 | cr ||||||||||| |
| 008 | 160805i20052008oncao||#o f000 0 eng d |
| 040 | |aCaOODSP|beng |
| 043 | |an-cn--- |
| 086 | 1 |aM34-6/5E-PDF |
| 245 | 00|aAboriginal participation in mining, information bulletin |h[electronic resource] : |bpartnership agreements. |
| 246 | 30|aAboriginal participation in mining - partnership agreements |
| 260 | |aOttawa : |bNatural Resources Canada. |c2005-2008. |
| 300 | |a10 v. : |bcol. ill. |
| 500 | |aCaption title. |
| 500 | |a"The Minerals and Metals Sector of Natural Resources Canada promotes the participation of Aboriginal communities in minerals and metals activities across Canada by sharing information on Aboriginal-industry leading practices." |
| 500 | |aIssued in French under title: Participation des Autochtones à l'industrie minière, bulletin d'information : ententes de partenariat ; and also in Spanish. |
| 505 | 0 |t[1] Voisey's Bay Nickel Company -- [2] Eskay Creek Mine -- [3] Diavik Diamond Mine -- [4] Galore Creek Mine, British Columbia -- [5] Musselwhite Mine -- [6] Raglan Mine, Quebec -- [7] Troilus Mine -- [8] Ekati Diamond Mine, Northwest Territories -- [9] Orca Sand and Gravel Project, British Columbia -- [10] Vale Inco, Newfoundland and Labrador. |
| 692 | 07|2gccst|aAboriginal peoples |
| 692 | 07|2gccst|aMining industry |
| 692 | 07|2gccst|aPartnerships |
| 710 | 1 |aCanada.|bNatural Resources Canada. |bMinerals and Metals Sector. |
| 740 | 02|aVoisey’s Bay Nickel Company |
| 740 | 02|aEskay Creek Mine |
| 740 | 02|aDiavik Diamond Mine |
| 740 | 02|aGalore Creek Mine, British Columbia |
| 740 | 02|aMusselwhite Mine |
| 740 | 02|aRaglan Mine, Quebec |
| 740 | 02|aTroilus Mine |
| 740 | 02|aEkati Diamond Mine, Northwest Territories |
| 740 | 02|aOrca Sand and Gravel Project, British Columbia |
| 740 | 02|aVale Inco, Newfoundland and Labrador |
| 775 | 08|tParticipation des Autochtones à l'industrie minière, bulletin d'information |w(CaOODSP)9.822131 |
| 775 | 08|tParticipación de las comunidades aborígenes en la minería, boletín informativo |w(CaOODSP)9.822161 |
| 856 | 40|ahttp://publications.gc.ca|qPDF|s333 KB|uhttps://publications.gc.ca/collections/collection_2016/rncan-nrcan/M34-6-5-1-2005-eng.pdf |
| 856 | 40|ahttp://publications.gc.ca|qPDF|s368 KB|uhttps://publications.gc.ca/collections/collection_2016/rncan-nrcan/M34-6-5-2-2005-eng.pdf |
| 856 | 40|ahttp://publications.gc.ca|qPDF|s304 KB|uhttps://publications.gc.ca/collections/collection_2016/rncan-nrcan/M34-6-5-3-2006-eng.pdf |
| 856 | 40|ahttp://publications.gc.ca|qPDF|s215 KB|uhttps://publications.gc.ca/collections/collection_2016/rncan-nrcan/M34-6-5-4-2007-eng.pdf |
| 856 | 40|ahttp://publications.gc.ca|qPDF|s3.02 MB|uhttps://publications.gc.ca/collections/collection_2016/rncan-nrcan/M34-6-5-5-2007-eng.pdf |
| 856 | 40|ahttp://publications.gc.ca|qPDF|s205 KB|uhttps://publications.gc.ca/collections/collection_2016/rncan-nrcan/M34-6-5-6-2007-eng.pdf |
| 856 | 40|ahttp://publications.gc.ca|qPDF|s308 KB|uhttps://publications.gc.ca/collections/collection_2016/rncan-nrcan/M34-6-5-7-2007-eng.pdf |
| 856 | 40|ahttp://publications.gc.ca|qPDF|s319 KB|uhttps://publications.gc.ca/collections/collection_2016/rncan-nrcan/M34-6-5-8-2008-eng.pdf |
| 856 | 40|ahttp://publications.gc.ca|qPDF|s302 KB|uhttps://publications.gc.ca/collections/collection_2016/rncan-nrcan/M34-6-5-9-2008-eng.pdf |
| 856 | 40|ahttp://publications.gc.ca|qPDF|s293 KB|uhttps://publications.gc.ca/collections/collection_2016/rncan-nrcan/M34-6-5-10-2008-eng.pdf |